| 000 | 00995nam a22002417a 4500 | ||
|---|---|---|---|
| 999 |
_c7496 _d7496 |
||
| 003 | AR-CdUCM | ||
| 008 | 190320b ||||| |||| 00| 0 spa d | ||
| 040 |
_aMUNICIPALIDAD PROVINCIAL DEL CUSCO _cBIBLIOTECA MUNICIPAL DEL CUSCO |
||
| 041 | _hrus | ||
| 082 |
_a621 / _bC15 |
||
| 100 |
_aKaganov, I. L. _921149 |
||
| 245 | _aElectrónica Industrial / | ||
| 260 |
_aMoscú : _bEditorial Mir ; _c1971. |
||
| 300 |
_a509 páginas ; _bDiagramas, fórmulas _c24cm |
||
| 505 | _aContenido: Dispositivos de dos electrodos y rectificadores de poca potencia -- Válvulas de tres y multielectrodos y transistores -- Osciladores y formadores electrónicos -- Células fotoeléctricas y otros indicadores de energía radiante -- Tubos de rayos catodicos y su aplicación... | ||
| 650 |
_aElectrodos _921150 |
||
| 650 |
_aTransistores _921151 |
||
| 650 |
_aOsciladores _921152 |
||
| 650 |
_aElectrónica _921153 |
||
| 700 |
_aGrdian, A. (traducción) _921154 |
||
| 942 |
_2ddc _cLIBROS |
||
| 945 | _anom | ||